[Event "Canadian op U2400"]
[Site "Montreal"]
[Date "2014.07.22"]
[Round "5"]
[White "Lopez Linares, Lizandro Fernando"]
[Black "Khassanov, Marat"]
[Result "0-1"]
[WhiteElo "2025"]
[BlackElo "2256"]
[PlyCount "160"]
[EventDate "2014.07.19"]
[EventType "swiss"]
[EventRounds "9"]
[EventCountry "CAN"]
[SourceTitle "EXT 2022"]
[Source "ChessBase"]
[SourceDate "2021.10.06"]
[SourceVersion "1"]
[SourceVersionDate "2021.10.06"]
[SourceQuality "1"]

1. d4 Nf6 2. c4 e5 3. dxe5 Ng4 4. Bf4 Nc6 5. Nf3 Bb4+ 6. Nbd2 Qe7 7. e3 Ngxe5 8. Nxe5 Nxe5 9. a3 Bxd2+ 10. Qxd2 0-0 11. Be2 d6 12. 0-0 Ng6 13. Bg3 Bf5 14. b4 Rae8 15. Rac1 Rd8 16. Rfd1 Bc8 17. Qd5 Rfe8 18. Qa5 a6 19. c5 dxc5 20. Bxc7 Rxd1+ 21. Rxd1 cxb4 22. axb4 b5 23. Bf3 Ne5 24. Bxe5 Qxe5 25. Bc6 Rf8 26. Rd4 g6 27. Qb6 Kg7 28. h4 h6 29. Qa7 g5 30. hxg5 hxg5 31. g3 Qf6 32. Qc7 Be6 33. Bb7 Rh8 34. Qc3 Bc4 35. Qa1 Rd8 36. Qxa6 Rxd4 37. Qxf6+ Kxf6 38. exd4 Ke6 39. f3 Bd5 40. Bc8+ Kd6 41. Kf2 Bc6 42. Ke3 Kd5 43. Kd3 Kd6 44. f4 gxf4 45. gxf4 f6 46. Bf5 Bd5 47. Bg6 Kc7 48. Ke3 Bc6 49. Be4 Be8 50. Bd5 Kd6 51. Bg8 Bg6 52. d5 Bf5 53. Kd4 Bg6 54. Be6 Bh5 55. Ke4 Bg6+ 56. Kd4 Bh5 57. Bf5 Bf7 58. Bd3 Be8 59. Be2 Bd7 60. Bh5 Bh3 61. Be8 Bf1 62. Ke4 Bc4 63. Kf5 Ke7 64. Bc6 Bd3+ 65. Kg4 Be2+ 66. Kg3 Kd6 67. Kf2 Bc4 68. Ke3 Bf1 69. Kd4 Bc4 70. Bb7 Kc7 71. Ba8 Kd6 72. Ke4 Ke7 73. Bc6 Bf1 74. Bb7 Bc4 75. Ba6 Bf1 76. Bb7 Bc4 77. Bc8 Bf1 78. Be6 Bg2+ 79. Kf5 Bh3+ 80. Kg6 Bxe6 0-1

[Event "Canadian op U2400"]
[Site "Montreal"]
[Date "2014.07.20"]
[Round "3"]
[White "Libersan, Thierry"]
[Black "Khassanov, Marat"]
[Result "1-0"]
[WhiteElo "2090"]
[BlackElo "2256"]
[PlyCount "111"]
[EventDate "2014.07.19"]
[EventType "swiss"]
[EventRounds "9"]
[EventCountry "CAN"]
[SourceTitle "EXT 2022"]
[Source "ChessBase"]
[SourceDate "2021.10.06"]
[SourceVersion "1"]
[SourceVersionDate "2021.10.06"]
[SourceQuality "1"]

1. e4 d5 2. exd5 Nf6 3. d4 Nxd5 4. c4 Nb6 5. Nc3 g6 6. Be3 Bg7 7. h3 0-0 8. Nf3 Nc6 9. Rc1 e5 10. d5 Ne7 11. Be2 h6 12. 0-0 f5 13. Qb3 e4 14. Nh2 Kh7 15. Rfd1 Nd7 16. f4 exf3 17. Nxf3 Ne5 18. c5 f4 19. Bd4 Nxf3+ 20. Bxf3 Bxd4+ 21. Rxd4 Nf5 22. Rd2 Nh4 23. Ne4 Bf5 24. d6 Nxf3+ 25. Qxf3 Qe8 26. Re2 Qc6 27. Nd2 Rf7 28. Qxc6 bxc6 29. Rce1 cxd6 30. cxd6 Rd8 31. Re7 Kg8 32. Nc4 Rd7 33. Rxf7 Rxf7 34. Ne5 Rb7 35. Nxc6 Rb6 36. Ne7+ Kf8 37. Nxf5 gxf5 38. d7 Rb8 39. Re5 Kf7 40. Rxf5+ Ke6 41. Rxf4 Kxd7 42. b3 Ke7 43. Ra4 Rb7 44. Ra6 h5 45. Rh6 Rb5 46. Rh7+ Kf6 47. Rxa7 Kg5 48. Ra4 Rd5 49. h4+ Kf5 50. Rc4 Rd3 51. Kh2 Re3 52. Rb4 Re2 53. a4 Rc2 54. a5 Ra2 55. Ra4 Rb2 56. a6 1-0

[Event "CAN-ch"]
[Site "Montreal"]
[Date "2012.08.10"]
[Round "8"]
[White "Khassanov, Marat"]
[Black "Qin, Zi Yi"]
[Result "0-1"]
[WhiteElo "2273"]
[BlackElo "2198"]
[PlyCount "104"]
[EventDate "2012.08.04"]
[EventType "swiss"]
[EventRounds "9"]
[EventCountry "CAN"]
[SourceTitle "EXT 2022"]
[Source "ChessBase"]
[SourceDate "2021.10.06"]
[SourceVersion "1"]
[SourceVersionDate "2021.10.06"]
[SourceQuality "1"]

1. e4 c5 2. c3 Nf6 3. e5 Nd5 4. d4 cxd4 5. cxd4 d6 6. Nf3 Nc6 7. a3 Bg4 8. Nc3 dxe5 9. Qb3 Nxc3 10. bxc3 Qc7 11. Nxe5 Nxe5 12. dxe5 0-0-0 13. Be3 Be6 14. Qb4 Bd5 15. Qc5 e6 16. Qxc7+ Kxc7 17. f3 Kb8 18. c4 Bc6 19. Be2 Be7 20. Kf2 Ba4 21. Rhc1 Rc8 22. Rc3 Rc7 23. Rac1 Rhc8 24. c5 Rd8 25. Bd3 Bc6 26. Ke2 Rcd7 27. Bc4 Ba4 28. Rb1 Rd1 29. Rb4 Bc6 30. Bd3 Rh1 31. h3 Kc7 32. Rg4 Bf8 33. Rf4 Rd7 34. Rd4 Ra1 35. Bc4 a6 36. Rxd7+ Bxd7 37. Bd4 Bb5 38. Bxb5 Ra2+ 39. Ke3 axb5 40. g3 Kc6 41. h4 h5 42. Kf4 Be7 43. Be3 Ra1 44. Rd3 Rb1 45. g4 Rh1 46. Bf2 Rc1 47. Kg3 Rc4 48. Be1 hxg4 49. fxg4 Bxc5 50. Rd8 Bd4 51. Rd6+ Kc7 52. Ba5+ b6 0-1

[Event "Trois-Rivieres Mauricie op"]
[Site "Trois Rivieres"]
[Date "2012.03.18"]
[Round "5"]
[White "Castellanos Rodriguez, Renier"]
[Black "Khassanov, Marat"]
[Result "1-0"]
[WhiteElo "2522"]
[BlackElo "2256"]
[PlyCount "95"]
[EventDate "2012.03.16"]
[EventType "swiss"]
[EventRounds "5"]
[EventCountry "CAN"]
[SourceTitle "EXT 2022"]
[Source "ChessBase"]
[SourceDate "2021.10.06"]
[SourceVersion "1"]
[SourceVersionDate "2021.10.06"]
[SourceQuality "1"]

1. e4 e5 2. Nf3 d6 3. d4 Nf6 4. Nc3 Nbd7 5. Bc4 Be7 6. 0-0 0-0 7. a4 c6 8. Ba2 Qe8 9. Re1 Bd8 10. h3 Ba5 11. Bd2 h6 12. Re2 Bc7 13. Be3 Qe7 14. Nh4 Rd8 15. Nf5 Qf8 16. Rd2 exd4 17. Bxd4 Ne5 18. Ng3 Qe7 19. f4 Ng6 20. Qf3 Nf8 21. Re2 Bb6 22. Bxb6 axb6 23. Rae1 Be6 24. Bxe6 Qxe6 25. b3 Qd7 26. Qf2 Qc7 27. Nf5 Ng6 28. Qf3 Ne7 29. Ng3 Ng6 30. Nd1 b5 31. axb5 Qb6+ 32. Ne3 Qxb5 33. Nef5 Ra2 34. Kh1 Qa5 35. Kh2 Rxc2 36. e5 Rxe2 37. Rxe2 dxe5 38. fxe5 Ne8 39. e6 f6 40. Qh5 Kh7 41. Re4 Qd2 42. e7 Rd5 43. Rg4 Ne5 44. Rxg7+ Nxg7 45. Nxg7 Ng6 46. e8Q Nf4 47. Qe4+ f5 48. Qf7 1-0

[Event "Quebec-ch op"]
[Site "Montreal"]
[Date "2011.07.29"]
[Round "8"]
[White "Khassanov, Marat"]
[Black "Caire, Francois"]
[Result "1-0"]
[WhiteElo "2286"]
[BlackElo "2150"]
[PlyCount "83"]
[EventDate "2011.07.23"]
[EventType "swiss"]
[EventRounds "9"]
[EventCountry "CAN"]
[SourceTitle "CBM 143 Extra"]
[Source "ChessBase"]
[SourceDate "2011.08.29"]
[SourceVersion "1"]
[SourceVersionDate "2011.08.29"]
[SourceQuality "1"]

1. e4 c5 2. Nf3 Nc6 3. Nc3 Nf6 4. Bb5 Qc7 5. 0-0 Nd4 6. Re1 a6 7. e5 Nxb5 8. exf6 gxf6 9. Nd5 Qc6 10. c4 Nc7 11. Nxc7+ Qxc7 12. d4 e6 13. Nh4 d6 14. Qf3 Be7 15. Qg3 Bd7 16. Qg7 0-0-0 17. Nf5 exf5 18. Rxe7 Rhe8 19. Rxe8 Rxe8 20. Bf4 cxd4 21. Qxf6 Bc6 22. Bxd6 Qd7 23. Bg3 Qe6 24. Qxe6+ fxe6 25. Be5 Rd8 26. Rd1 d3 27. f3 Rd7 28. Kf2 b5 29. cxb5 Bxb5 30. Ke3 Kb7 31. b3 Rd5 32. f4 Bc6 33. g3 Ra5 34. a4 Be4 35. Rc1 Rd5 36. Kd2 Kb6 37. Rc4 Rd7 38. Rb4+ Kc6 39. g4 Rb7 40. Rxb7 Kxb7 41. g5 Bd5 42. h4 1-0

[Event "Quebec-ch op"]
[Site "Montreal"]
[Date "2011.07.27"]
[Round "6"]
[White "Bolduc, Steve"]
[Black "Khassanov, Marat"]
[Result "1/2-1/2"]
[WhiteElo "2230"]
[BlackElo "2286"]
[PlyCount "91"]
[EventDate "2011.07.23"]
[EventType "swiss"]
[EventRounds "9"]
[EventCountry "CAN"]
[SourceTitle "CBM 143 Extra"]
[Source "ChessBase"]
[SourceDate "2011.08.29"]
[SourceVersion "1"]
[SourceVersionDate "2011.08.29"]
[SourceQuality "1"]

1. d4 d5 2. c4 e6 3. Nf3 Nf6 4. g3 Bb4+ 5. Bd2 Be7 6. Bg2 0-0 7. Qc2 b6 8. 0-0 Ba6 9. Ne5 c6 10. Bf4 Nfd7 11. Nd2 g5 12. Nxd7 Nxd7 13. Be3 f5 14. f3 b5 15. cxd5 cxd5 16. Qc6 Nb6 17. Qxe6+ Kg7 18. Bf2 b4 19. Rac1 Rf6 20. Qe3 f4 21. gxf4 gxf4 22. Qe5 Bd6 23. Qg5+ Rg6 24. Qxd8 Rxd8 25. Rfe1 Kf7 26. Kh1 Na4 27. Rc2 Rc8 28. Rxc8 Bxc8 29. b3 Nc3 30. e4 fxe3 31. Bxe3 Re6 32. Nf1 Bf4 33. Kg1 Nxa2 34. Kf2 Bxe3+ 35. Nxe3 Nc3 36. Ra1 Ra6 37. Rxa6 Bxa6 38. Nc2 Na2 39. Ke3 Bb5 40. f4 Bc6 41. Kd2 a5 42. Ne3 Nc3 43. Ng4 Bb5 44. Ne3 Bc6 45. Ng4 Bb5 46. Ne3 1/2-1/2

[Event "Quebec-ch op"]
[Site "Montreal"]
[Date "2011.07.25"]
[Round "4"]
[White "Calugar, Arthur"]
[Black "Khassanov, Marat"]
[Result "1-0"]
[WhiteElo "2247"]
[BlackElo "2286"]
[PlyCount "77"]
[EventDate "2011.07.23"]
[EventType "swiss"]
[EventRounds "9"]
[EventCountry "CAN"]
[SourceTitle "CBM 143 Extra"]
[Source "ChessBase"]
[SourceDate "2011.08.29"]
[SourceVersion "1"]
[SourceVersionDate "2011.08.29"]
[SourceQuality "1"]

1. e4 e5 2. Nf3 Nc6 3. Bb5 a6 4. Ba4 Nf6 5. 0-0 Be7 6. Re1 b5 7. Bb3 0-0 8. c3 d6 9. h3 Bb7 10. d4 Re8 11. Ng5 Rf8 12. Nf3 Re8 13. d5 Na5 14. Bc2 c6 15. dxc6 Bxc6 16. Nbd2 Bf8 17. Nf1 h6 18. g4 g6 19. g5 Nh5 20. N1h2 hxg5 21. Bxg5 Be7 22. Bh6 Nb7 23. Ng4 Nc5 24. b4 Ne6 25. Kh2 Nhf4 26. Bb3 Bf8 27. Bd5 Rc8 28. Rg1 Bxd5 29. exd5 Nc7 30. Bg5 Be7 31. Bxf4 exf4 32. Qd4 Rf8 33. Nh6+ Kh7 34. Nf5 Bf6 35. Qxf4 Kg8 36. Qh6 Nxd5 37. Ng5 Be5+ 38. Kh1 Re8 39. Qh7+ 1-0

[Event "Montreal Pere Noel op"]
[Site "Montreal"]
[Date "2010.12.28"]
[Round "3"]
[White "Khassanov, Marat"]
[Black "Dumont, Felix"]
[Result "1-0"]
[WhiteElo "2282"]
[BlackElo "1998"]
[PlyCount "97"]
[EventDate "2010.12.26"]
[EventType "swiss"]
[EventRounds "5"]
[EventCountry "CAN"]
[SourceTitle "EXT 2013"]
[Source "ChessBase"]
[SourceDate "2012.11.22"]
[SourceVersion "1"]
[SourceVersionDate "2012.11.22"]
[SourceQuality "1"]

1. d4 Nf6 2. g3 g6 3. Bg2 Bg7 4. e4 d6 5. Ne2 0-0 6. 0-0 e5 7. h3 Re8 8. Nbc3 Nc6 9. Be3 exd4 10. Nxd4 Ne5 11. Qe2 c5 12. Nf3 Nxf3+ 13. Qxf3 Bd7 14. Rad1 Bc6 15. Qf4 Re5 16. Qxe5 dxe5 17. Rxd8+ Rxd8 18. Bxc5 Rd2 19. Rc1 Bh6 20. Bxa7 Rxf2 21. Kxf2 Bxc1 22. b3 Nd7 23. Nd5 Ba3 24. Be3 f5 25. c4 Kf7 26. Bd2 b5 27. Nb4 Bxb4 28. Bxb4 bxc4 29. bxc4 fxe4 30. Ke3 Nb6 31. Bxe4 Nxc4+ 32. Kf3 Bb5 33. a4 Ba6 34. Bd5+ Kf6 35. Ke4 Nb6 36. Bc6 Bf1 37. Kf3 Bxh3 38. a5 Nc8 39. Bc5 h5 40. Ke3 g5 41. Bf3 h4 42. g4 Bf1 43. Bb7 h3 44. Kf2 Bd3 45. Bxc8 Be4 46. Kg3 Bg2 47. a6 e4 48. Be3 Bf3 49. Kxh3 1-0

[Event "Montreal Pere Noel op"]
[Site "Montreal"]
[Date "2010.12.26"]
[Round "1"]
[White "Khassanov, Marat"]
[Black "Ramaswamy, Kiran"]
[Result "1-0"]
[WhiteElo "2282"]
[BlackElo "1899"]
[PlyCount "103"]
[EventDate "2010.12.26"]
[EventType "swiss"]
[EventRounds "5"]
[EventCountry "CAN"]
[SourceTitle "EXT 2013"]
[Source "ChessBase"]
[SourceDate "2012.11.22"]
[SourceVersion "1"]
[SourceVersionDate "2012.11.22"]
[SourceQuality "1"]

1. e4 c5 2. Nf3 Nc6 3. Nc3 g6 4. d4 cxd4 5. Nxd4 Bg7 6. Be3 d6 7. Be2 Nf6 8. Nb3 0-0 9. 0-0 Bd7 10. f4 Rc8 11. Bf3 a6 12. Nd5 Nxd5 13. exd5 Na5 14. Nxa5 Qxa5 15. c3 b5 16. Bd4 Bxd4+ 17. Qxd4 Rc4 18. Qe3 e6 19. Bg4 Re8 20. dxe6 Bxe6 21. Bxe6 Rxe6 22. Qa7 b4 23. cxb4 Qxb4 24. f5 gxf5 25. Rxf5 Re1+ 26. Rxe1 Qxe1+ 27. Rf1 Qe6 28. Qxa6 Rc2 29. Qa3 Qd5 30. Qf3 Qxf3 31. Rxf3 Rxb2 32. Rf2 Rb1+ 33. Rf1 Rb5 34. a4 Ra5 35. Ra1 Kf8 36. Kf2 Ke7 37. Ke3 d5 38. Kd4 Kd6 39. g4 Rc5 40. h3 Rc4+ 41. Kd3 Kc6 42. a5 Kb7 43. Rf1 h5 44. Rxf7+ Ka6 45. g5 Rb4 46. g6 Rb3+ 47. Kd4 Rxh3 48. Kxd5 Rg3 49. Rf6+ Kxa5 50. Ke6 h4 51. Kf7 h3 52. g7 1-0

[Event "Quebec-ch opB"]
[Site "Montreal"]
[Date "2010.07.25"]
[Round "3"]
[White "Le Duin, Thierry"]
[Black "Khassanov, Marat"]
[Result "0-1"]
[WhiteElo "2002"]
[BlackElo "2303"]
[PlyCount "62"]
[EventDate "2010.07.24"]
[EventType "swiss"]
[EventRounds "9"]
[EventCountry "CAN"]
[SourceTitle "EXT 2013"]
[Source "ChessBase"]
[SourceDate "2012.11.22"]
[SourceVersion "1"]
[SourceVersionDate "2012.11.22"]
[SourceQuality "1"]

1. d4 Nf6 2. Nf3 e6 3. Bg5 h6 4. Bh4 c5 5. c3 cxd4 6. Nxd4 a6 7. Nd2 d5 8. e3 e5 9. N4b3 Nc6 10. Nf3 Be6 11. Be2 Be7 12. Qc2 0-0 13. 0-0 b5 14. Rfd1 Qb6 15. Rac1 Rac8 16. Qb1 Rfd8 17. h3 Qa7 18. Kh1 Ne4 19. Bxe7 Nxf2+ 20. Kg1 Qxe3 21. Bc5 d4 22. Re1 Ne4+ 23. Kh2 Qf4+ 24. Kg1 Bxb3 25. Bb6 Bd5 26. Bxd8 Rxd8 27. cxd4 Nxd4 28. Bd1 Nd2 29. Qd3 N2xf3+ 30. Bxf3 Nxf3+ 31. gxf3 Qg3+ 0-1

[Event "Quebec op U2400"]
[Site "Montreal"]
[Date "2009.07.19"]
[Round "3"]
[White "Khassanov, Marat"]
[Black "Zozulia, Anna"]
[Result "0-1"]
[WhiteElo "2284"]
[BlackElo "2341"]
[PlyCount "65"]
[EventDate "2009.07.18"]
[EventType "swiss"]
[EventRounds "9"]
[EventCountry "CAN"]
[SourceTitle "EXT 2011"]
[Source "ChessBase"]
[SourceDate "2010.11.26"]
[SourceVersion "1"]
[SourceVersionDate "2010.11.26"]
[SourceQuality "1"]

1. e4 c5 2. Nf3 Nc6 3. c3 d6 4. d4 Nf6 5. d5 Nb8 6. Bb5+ Bd7 7. Bxd7+ Nbxd7 8. Qe2 g6 9. 0-0 Bg7 10. h3 0-0 11. Bf4 a6 12. a4 b6 13. c4 Qc7 14. Nc3 Nh5 15. Bh2 e5 16. dxe6 fxe6 17. Qd2 Ne5 18. Nxe5 dxe5 19. Rad1 Rad8 20. Qc2 Nf6 21. Bg3 Rd4 22. b3 Qd6 23. f3 Rd8 24. Bf2 Rd2 25. Rxd2 Qxd2 26. Rc1 Bh6 27. Ne2 Rd3 28. Qxd2 Bxd2 29. Rc2 Nd7 30. Bh4 g5 31. Rxd2 Rxd2 32. Bxg5 Rd3 33. Nc1 0-1

[Event "Quebec op U2400"]
[Site "Montreal"]
[Date "2009.07.19"]
[Round "2"]
[White "Luksza, Arkadiusz"]
[Black "Khassanov, Marat"]
[Result "0-1"]
[WhiteElo "2129"]
[BlackElo "2284"]
[PlyCount "56"]
[EventDate "2009.07.18"]
[EventType "swiss"]
[EventRounds "9"]
[EventCountry "CAN"]
[SourceTitle "EXT 2011"]
[Source "ChessBase"]
[SourceDate "2010.11.26"]
[SourceVersion "1"]
[SourceVersionDate "2010.11.26"]
[SourceQuality "1"]

1. d4 d5 2. c4 c6 3. e3 Nf6 4. Nc3 e6 5. Nf3 Nbd7 6. Qc2 Bd6 7. b3 0-0 8. Be2 e5 9. dxe5 Nxe5 10. cxd5 Nxd5 11. Nxd5 cxd5 12. 0-0 Nxf3+ 13. Bxf3 Qh4 14. h3 Bxh3 15. Rd1 Rac8 16. Qd2 Bf5 17. g3 Bxg3 18. fxg3 Qxg3+ 19. Qg2 Qe5 20. Qb2 Qe7 21. Qd4 Be4 22. Rf1 Qh4 23. Bxe4 dxe4 24. Qd2 Rc6 25. Rf2 Rd8 26. Qe2 Rh6 27. Rg2 Qh1+ 28. Kf2 Rf6+ 0-1

[Event "Quebec op U2400"]
[Site "Montreal"]
[Date "2008.07.26"]
[Round "8"]
[White "Khassanov, Marat"]
[Black "MacKinnon, Keith"]
[Result "1-0"]
[WhiteElo "2312"]
[BlackElo "2029"]
[PlyCount "53"]
[EventDate "2008.07.19"]
[EventType "swiss"]
[EventRounds "9"]
[EventCountry "CAN"]
[SourceTitle "EXT 2011"]
[Source "ChessBase"]
[SourceDate "2010.11.26"]
[SourceVersion "1"]
[SourceVersionDate "2010.11.26"]
[SourceQuality "1"]

1. e4 d5 2. exd5 Qxd5 3. Nc3 Qd6 4. d4 Nf6 5. Bg5 a6 6. Qd2 Nc6 7. 0-0-0 Bf5 8. Bf4 Qd7 9. Nf3 e6 10. Ne5 Nxe5 11. Bxe5 Be7 12. f3 Bg6 13. h4 h6 14. g4 0-0-0 15. h5 Bh7 16. Bd3 c5 17. Bxh7 Rxh7 18. Qe2 Qc6 19. dxc5 Qxc5 20. Rxd8+ Bxd8 21. Rd1 Rh8 22. Rd4 b5 23. Ne4 Nxe4 24. Qxe4 Qa7 25. Qc6+ Bc7 26. Bxc7 Qxc7 27. Qxa6+ 1-0

[Event "Quebec op U2400"]
[Site "Montreal"]
[Date "2008.07.26"]
[Round "9"]
[White "Kraiouchkine, Nikita"]
[Black "Khassanov, Marat"]
[Result "1-0"]
[WhiteElo "2235"]
[BlackElo "2312"]
[PlyCount "77"]
[EventDate "2008.07.19"]
[EventType "swiss"]
[EventRounds "9"]
[EventCountry "CAN"]
[SourceTitle "EXT 2011"]
[Source "ChessBase"]
[SourceDate "2010.11.26"]
[SourceVersion "1"]
[SourceVersionDate "2010.11.26"]
[SourceQuality "1"]

1. e4 d6 2. d4 Nf6 3. Nc3 g6 4. f3 a6 5. Be3 b5 6. Qd2 Bb7 7. Nh3 Nbd7 8. Nf2 Nb6 9. Bd3 Bg7 10. Bh6 Bxh6 11. Qxh6 c5 12. dxc5 b4 13. cxb6 bxc3 14. Qe3 cxb2 15. Rb1 0-0 16. 0-0 Rc8 17. Rxb2 Rc5 18. Rfb1 Nd7 19. f4 e6 20. Qd4 Qe7 21. Rd1 e5 22. fxe5 Nxe5 23. Be2 Rd8 24. c4 f5 25. Rbd2 Nc6 26. Qd3 Qg5 27. Qg3 Qe7 28. Rxd6 f4 29. Rxd8+ Nxd8 30. Qxf4 Nf7 31. Ng4 Rc6 32. Rf1 g5 33. Qxf7+ Qxf7 34. Rxf7 Kxf7 35. Ne5+ Ke6 36. Nxc6 Bxc6 37. c5 Bb7 38. Bg4+ Ke7 39. e5 1-0

[Event "Quebec op U2400"]
[Site "Montreal"]
[Date "2008.07.22"]
[Round "4"]
[White "Khassanov, Marat"]
[Black "Hayder, Ali"]
[Result "1-0"]
[WhiteElo "2312"]
[BlackElo "2095"]
[PlyCount "79"]
[EventDate "2008.07.19"]
[EventType "swiss"]
[EventRounds "9"]
[EventCountry "CAN"]
[SourceTitle "EXT 2011"]
[Source "ChessBase"]
[SourceDate "2010.11.26"]
[SourceVersion "1"]
[SourceVersionDate "2010.11.26"]
[SourceQuality "1"]

1. e4 d6 2. d4 Nf6 3. Nc3 e5 4. Nf3 exd4 5. Nxd4 Be7 6. Be3 0-0 7. f3 a6 8. Qd2 b5 9. 0-0-0 c5 10. Nde2 b4 11. Nd5 Nxd5 12. Qxd5 Ra7 13. Nf4 Nd7 14. Qd2 Bb7 15. Bc4 Nb6 16. Qe2 Qc7 17. Kb1 a5 18. g4 Bf6 19. g5 Be5 20. Nd5 Bxd5 21. Bxd5 Na4 22. Bc1 Rb8 23. f4 Bd4 24. h4 Qe7 25. h5 Nb6 26. Qf3 Nxd5 27. exd5 Re8 28. Bd2 Qd8 29. Rhe1 c4 30. Rxe8+ Qxe8 31. Re1 Re7 32. Rxe7 Qxe7 33. f5 Qe5 34. c3 Bc5 35. Kc2 Qe8 36. Qg4 Qd7 37. Qe4 Qa4+ 38. Kc1 Qd7 39. f6 Kf8 40. Qxh7 1-0

[Event "Quebec op U2400"]
[Site "Montreal"]
[Date "2008.07.19"]
[Round "1"]
[White "Beaulieu, Pierre"]
[Black "Khassanov, Marat"]
[Result "0-1"]
[WhiteElo "2063"]
[BlackElo "2312"]
[PlyCount "68"]
[EventDate "2008.07.19"]
[EventType "swiss"]
[EventRounds "9"]
[EventCountry "CAN"]
[SourceTitle "EXT 2011"]
[Source "ChessBase"]
[SourceDate "2010.11.26"]
[SourceVersion "1"]
[SourceVersionDate "2010.11.26"]
[SourceQuality "1"]

1. e4 c5 2. Nf3 d6 3. Nc3 Nc6 4. Bc4 a6 5. a4 Nf6 6. h3 g6 7. Qe2 Bg7 8. 0-0 0-0 9. d3 Bd7 10. Bg5 h6 11. Bxf6 Bxf6 12. Nd5 Bg7 13. c3 Na5 14. Nd2 Bc6 15. Nb3 Nxc4 16. dxc4 Re8 17. a5 e6 18. Nb6 Rb8 19. Rad1 Qe7 20. f4 Rbd8 21. Rfe1 g5 22. Qf2 gxf4 23. Qxf4 Kh7 24. Rd3 Be5 25. Qf2 Rg8 26. Nd2 Rg7 27. Kh1 Rdg8 28. Rg1 f5 29. Qe2 Qh4 30. Re3 Qf4 31. g4 fxg4 32. b4 gxh3 33. Rxg7+ Rxg7 34. Rxh3 Qxd2 0-1

[Event "Montreal Pere Noel op"]
[Site "Montreal"]
[Date "2006.12.26"]
[Round "1"]
[White "Khassanov, Marat"]
[Black "Benoit Deschamps, Jean Marc"]
[Result "1-0"]
[WhiteElo "2320"]
[BlackElo "2095"]
[PlyCount "63"]
[EventDate "2006.12.26"]
[EventType "swiss"]
[EventRounds "5"]
[EventCountry "CAN"]
[SourceTitle "EXT 2008"]
[Source "ChessBase"]
[SourceDate "2007.11.25"]
[SourceVersion "1"]
[SourceVersionDate "2007.11.25"]
[SourceQuality "1"]

1. e4 c5 2. Nf3 d6 3. Bb5+ Bd7 4. Bxd7+ Qxd7 5. 0-0 Nc6 6. Re1 g6 7. c3 Bg7 8. d4 cxd4 9. cxd4 Nf6 10. Nc3 0-0 11. Bg5 h6 12. Bh4 g5 13. Bg3 Rfd8 14. d5 Na5 15. e5 dxe5 16. Nxe5 Qf5 17. Qa4 b6 18. Nc6 Nxc6 19. dxc6 Nh5 20. c7 Rdc8 21. Qc6 Nxg3 22. Nd5 Bf8 23. Rxe7 Nh5 24. Rae1 Nf4 25. Nf6+ Kh8 26. Rxf7 Bg7 27. h3 Nd3 28. Rxg7 Kxg7 29. Nh5+ Kg8 30. Re7 Qxf2+ 31. Kh2 Qd4 32. Qg6+ 1-0

[Event "Quebec-ch classe"]
[Site "Trois Rivieres"]
[Date "2006.10.08"]
[Round "4"]
[White "Khassanov, Marat"]
[Black "Larochelle, Martial"]
[Result "1-0"]
[WhiteElo "2318"]
[BlackElo "2152"]
[PlyCount "57"]
[EventDate "2006.10.06"]
[EventType "swiss"]
[EventRounds "5"]
[EventCountry "CAN"]
[SourceTitle "EXT 2022"]
[Source "ChessBase"]
[SourceDate "2021.10.06"]
[SourceVersion "1"]
[SourceVersionDate "2021.10.06"]
[SourceQuality "1"]

1. e4 c5 2. Nf3 d6 3. d4 cxd4 4. Nxd4 Nf6 5. Nc3 a6 6. Be2 e5 7. Nb3 Be7 8. 0-0 0-0 9. Kh1 b6 10. Nd5 Bb7 11. Nxe7+ Qxe7 12. f3 d5 13. exd5 Nxd5 14. Re1 Rd8 15. Bd3 Nc6 16. Qe2 Qf6 17. Qf2 Rab8 18. Be4 Nd4 19. Nxd4 exd4 20. Qg3 Ne3 21. Bd3 Rbc8 22. Bxe3 dxe3 23. Rxe3 Qxb2 24. Rae1 g6 25. h3 Qxa2 26. Bf5 Rc5 27. Qh4 Rf8 28. Re8 h5 29. Qf6 1-0

[Event "Quebec-ch"]
[Site "Montreal"]
[Date "2006.09.15"]
[Round "7"]
[White "Khassanov, Marat"]
[Black "Benoit Deschamps, Jean Marc"]
[Result "1-0"]
[WhiteElo "2312"]
[BlackElo "2115"]
[PlyCount "81"]
[EventDate "2006.09.08"]
[EventType "tourn"]
[EventRounds "9"]
[EventCountry "CAN"]
[EventCategory "1"]
[SourceTitle "EXT 2007"]
[Source "ChessBase"]
[SourceDate "2006.11.23"]
[SourceVersion "1"]
[SourceVersionDate "2006.11.23"]
[SourceQuality "1"]

1. e4 c5 2. Nf3 d6 3. d4 cxd4 4. Nxd4 Nf6 5. Nc3 g6 6. Be3 Bg7 7. f3 Nc6 8. Qd2 0-0 9. 0-0-0 Nxd4 10. Bxd4 Be6 11. Kb1 Qc7 12. g4 Rfc8 13. h4 Qa5 14. a3 Rab8 15. h5 b5 16. hxg6 hxg6 17. g5 b4 18. Nb5 Qa4 19. gxf6 exf6 20. Bd3 bxa3 21. b3 Rxb5 22. Bxb5 Qxb5 23. Qd3 Qb4 24. Ba1 a2+ 25. Kxa2 Rc5 26. Bb2 Qa4+ 27. Kb1 Qc6 28. Qxd6 Qxd6 29. Rxd6 Rc8 30. Rhd1 f5 31. Rd8+ Rxd8 32. Rxd8+ Kh7 33. Bxg7 Kxg7 34. exf5 Bxf5 35. f4 Kf6 36. Rd5 g5 37. fxg5+ Kxg5 38. Ra5 Kf4 39. Rxa7 Be6 40. Re7 Ke5 41. Kc1 1-0

[Event "Quebec-ch"]
[Site "Montreal"]
[Date "2006.09.11"]
[Round "4"]
[White "Masse, Hugues"]
[Black "Khassanov, Marat"]
[Result "1-0"]
[WhiteElo "2176"]
[BlackElo "2312"]
[PlyCount "75"]
[EventDate "2006.09.08"]
[EventType "tourn"]
[EventRounds "9"]
[EventCountry "CAN"]
[EventCategory "1"]
[SourceTitle "EXT 2007"]
[Source "ChessBase"]
[SourceDate "2006.11.23"]
[SourceVersion "1"]
[SourceVersionDate "2006.11.23"]
[SourceQuality "1"]

1. d4 d5 2. c4 c6 3. Nf3 e6 4. Nc3 dxc4 5. a4 Bb4 6. e3 b5 7. Bd2 a5 8. axb5 Bxc3 9. Bxc3 cxb5 10. b3 Bb7 11. bxc4 b4 12. Bb2 Nf6 13. Bd3 0-0 14. 0-0 Nbd7 15. Re1 Qc7 16. e4 e5 17. c5 Rfe8 18. Rc1 Ba6 19. c6 exd4 20. cxd7 Qxd7 21. e5 Nh5 22. Bxa6 Rxa6 23. g3 a4 24. Nxd4 g6 25. Qe2 Rb6 26. Qc4 Ng7 27. Red1 Qb7 28. Ba1 Ra8 29. Qc5 h5 30. e6 fxe6 31. Qe5 Ra7 32. Qf6 b3 33. Nf3 Ra8 34. Rd8+ Kh7 35. Ng5+ Kh6 36. Rxa8 e5 37. Nf7+ Kh7 38. Rh8# 1-0